Miguel Delibes (Record no. 11043)
[ view plain ]
| 000 -LEADER | |
|---|---|
| campo de control de longitud fija | 01219nam a2200277 i 4500 |
| 001 - NÚMERO DE CONTROL | |
| campo de control | 11043 |
| 003 - IDENTIFICADOR DE NÚMERO DE CONTROL | |
| campo de control | ES-MaACL |
| 005 - FECHA Y HORA DE LA ÚLTIMA TRANSACCIÓN | |
| campo de control | 20250830052207.0 |
| 008 - DATOS DE LONGITUD FIJA--INFORMACIÓN GENERAL | |
| campo de control de longitud fija | 930111s1992 sp |||| | spa j |
| 020 ## - NÚMERO INTERNACIONAL ESTÁNDAR DEL LIBRO | |
| Número Internacional Estándar del Libro | 84-7658-364-8 |
| 080 ## - NÚMERO DE LA CLASIFICACIÓN DECIMAL UNIVERSAL | |
| Número de la Clasificación Decimal Universal | 860 Delibes, Miguel (1920-) 1.06(063) |
| 111 2# - ENTRADA PRINCIPAL--NOMBRE DE CONGRESO/REUNIÓN | |
| Nombre de congreso/reunión o jurisdicción como elemento de entrada | Congreso de Literatura Española Contemporánea ( |
| Número del congreso/reunión o número de parte o sección | 5º. |
| Fecha del congreso o de la firma del tratado | 1991. |
| Sede del congreso/Lugar de la reunión | Málaga) |
| 9 (RLIN) | 327 |
| 245 10 - MENCIÓN DEL TÍTULO | |
| Título | Miguel Delibes |
| Resto del título | : el escritor, la obra y el lector : actas del V Congreso de Literatura Española Contemporánea : Universidad de Málaga, 12, 13, y 15 de noviembre de 1991 / |
| Mención de responsabilidad, etc. | edición dirigida por Cristóbal Cuevas García y coordinada por Enrique Baena ; organización del congreso, Antonio Garrido ... [et al.]. |
| 250 ## - MENCION DE EDICION | |
| Mención de edición | 1ª ed. |
| 260 ## - PUBLICACIÓN, DISTRIBUCIÓN, ETC. | |
| Lugar de publicación, distribución, etc. | Barcelona : |
| Nombre del editor, distribuidor, etc. | Anthropos, |
| Fecha de publicación, distribución, etc. | 1992. |
| 300 ## - DESCRIPCIÓN FÍSICA | |
| Extensión | 348 p. ; |
| Dimensiones | 20 cm. |
| 490 1# - MENCIÓN DE SERIE | |
| Mención de serie | Ámbitos literarios. Ensayo ; |
| Designación de volumen o secuencia | 45 |
| 600 17 - PUNTO DE ACCESO ADICIONAL DE MATERIA--NOMBRE DE PERSONA | |
| Nombre de persona | Delibes, Miguel- |
| Fechas asociadas al nombre | 1920-2010 |
| Subdivisión de forma | Congresos y asambleas |
| 9 (RLIN) | 168766 |
| 700 0# - ENTRADA AGREGADA--NOMBRE PERSONAL | |
| Nombre de persona | Cuevas García, Cristóbal, |
| Fechas asociadas al nombre | 1933-2013 |
| 9 (RLIN) | 42107 |
| 700 1# - ENTRADA AGREGADA--NOMBRE PERSONAL | |
| Nombre de persona | Garrido, Antonio. |
| 9 (RLIN) | 55666 |
| 700 1# - ENTRADA AGREGADA--NOMBRE PERSONAL | |
| Nombre de persona | Baena, Enrique. |
| 9 (RLIN) | 24583 |
| 830 00 - PUNTO DE ACCESO ADICIONAL DE SERIE-TÍTULO UNIFORME | |
| Título uniforme | Ámbitos literarios. |
| Nombre de parte o sección de la obra | Ensayo |
| Designación de volumen o secuencia | 45 |
| 9 (RLIN) | 236239 |
| 852 ## - LOCALIZACIÓN | |
| Ubicación | ES-MaACL |
| Número de control de estantería | L-18315 |
| 942 ## - ELEMENTOS DE ENTRADA SECUNDARIOS (KOHA) | |
| Fuente del sistema de clasificación o colocación | Clasificación decimal universal |
| Estatus retirado | Estado de pérdida | Estado de daño | No para préstamo | Biblioteca de origen | Biblioteca actual | Ubicación en estantería | Fecha de adquisición | Fuente de adquisición | Total de préstamos | Signatura topográfica completa | Código de barras | Visto por última vez | Precio de reemplazo | Tipo de ítem Koha |
|---|---|---|---|---|---|---|---|---|---|---|---|---|---|---|
| Biblioteca del Ateneo de Madrid | Biblioteca del Ateneo de Madrid | Depósito 2 | 17/01/2008 | L-18315 | 1011261 | 23/02/2023 | 23/02/2023 | Libro impreso |
